000
00280nam a22001337a 4500
008
170810b xxu||||| |||| 00| 0 eng d
020
_a
9780789736413
041
_a
eng
080
_a
004
100
_a
35
101
_a
SHK
245
_a
ACCESS 2007
_c
JOHNSON,S
942
_2
udc
_c
BK
999
_c
23071
_d
23071